| 000 | 01578nam a22002417a 4500 | ||
|---|---|---|---|
| 999 |
_c62091 _d62091 |
||
| 003 | Ge_BSU | ||
| 005 | 20240708123010.0 | ||
| 008 | 240708s2022 ge ||||| |||| 00| 0 geo d | ||
| 020 | _a9789941354939 | ||
| 041 | _ageo | ||
| 080 | _a005.53 შ-81 | ||
| 100 |
_aშოლი, ჯონ, _eავტორი. _922749 |
||
| 245 |
_aგადაწყვეტილების მიღების უფლება: _b ცხოვრების წესი / _cჯონ შოლი ; ინგლი. თარგმნა ხათუნა ბასილაშვილმა ; სარედაქციო ჯგუფი: ნინო სურამელაშვილი, სალომე საბანაძე, რუსუდან გელაშვილი [და სხვა] ; წინათქმა მედეა ჯანიაშვილი. |
||
| 264 |
_aთბილისი : _bპალიტრა L, _c 2022. |
||
| 300 |
_a184 გვ. ; _b21 სმ. |
||
| 440 |
_aლურჯი ოკეანე _922750 |
||
| 500 | _aგარეკანი ქართულ და ინგლისურ ენებზე. | ||
| 653 | _aგადაწყვეტილების მიღება. | ||
| 653 | _aმენეჯმენტი | ||
| 700 |
_aბასილაშვილი, ხათუნა _eმთარგმნელი _97737 |
||
| 700 |
_aსურამელაშვილი, ნინო _eსარედაქციო ჯგუფი და სხვ. _922752 |
||
| 942 |
_2udc _cᲬᲘᲒᲜᲘ |
||